000 00484nam a2200193Ia 4500
008 240510s9999 xx 000 0 und d
020 _a074943452x
041 _aEng
082 _a658.4038
082 _bM55
100 _aMOON J.A.
245 0 _aREFLECTION IN LEARNING AND PROFESSIONAL DEVELOPMENT: THEORY & PRACTICE
260 _bLONDON : KORGAN PAGE
260 _c229
300 _a229 p.
650 _aMANAGEMENT : PERSONNEL DEVELOPMENT
942 _2ddc
942 _cLBK
999 _c25887
_d25887
945 _a1
_bMadushi Gamage
_c1
_dMadushi Gamage